Places in South Yorkshire - sudden death - Statistics

General Stats
  • This quiz has been taken 47 times
  • The average score is 12 of 24
Answers on the Grid
Answers color-coded by a green-red scale on the quiz's grid according to % correct below.
Sheffield
York
Temple of Artemis
London
Barnsley
Brighton
Hillsborough
Calgary
Rotherham
Adelaide
Loch Loch
Mexborough
Yeovil
The world's oldest football club
The world's oldest football ground
Preston
Doncaster
The Peak District
Nottingham
Crucible Theatre
Wombwell
Northampton
Michael Palin's birthplace
Wath upon Dearne
Castlemartyr
An international airport
Swallownest
Telford
Gleadless Townend
Mr Kipling factory
Def Leppard's home town
Bedford
Camber Sands
Laughton en le Morthen
Bramall Lane
Mary Stuart's jail
The site where the Flying Scotsman was built
Road Town
Blaenau Ffestiniog
Grimethorpe
Lewes
The midpoint of England
Chancery Lane
Stepaside
Howick
Codrington
Charlestown
A ground which has hosted an England football international, test match, and FA Cup final
 
Answer Stats
Answer % Correct
Sheffield
94%
Barnsley
83%
Hillsborough
83%
Rotherham
80%
Doncaster
71%
Crucible Theatre
54%
Mexborough
54%
Bramall Lane
51%
Sheffield Def Leppard's home town
51%
The Peak District
51%
Sheffield F.C. The world's oldest football club
51%
Wombwell
51%
Bramall Lane. The Oval has also hosted all three. A ground which has hosted an England football international, test match, and FA Cup final
46%
Sheffield Michael Palin's birthplace
46%
Sandygate (Hallam F.C.) The world's oldest football ground
46%
Wath upon Dearne
43%
Grimethorpe
37%
Doncaster Sheffield Airport An international airport
34%
The first object to reach 100mph on land in Europe (possibly the world) The site where the Flying Scotsman was built
34%
Laughton en le Morthen
29%
Sheffield Gleadless Townend
26%
At Carlton, near Barnsley Mr Kipling factory
26%
Swallownest
23%
(Mary, Queen of Scots) - held at Sheffield Castle and the Manor Lodge Mary Stuart's jail
11%
No matching quizzes found
Score Distribution
Percent of People with Each Score
Percentile by Number Answered
Your Score History
You have not taken this quiz